Personal finance and investments : (رقم التسجيلة. 26180)

تفاصيل مارك
000 -الفاتح
حقل البيانات ثابتة الطول 01580cam a2200397 a 4500
001 - رقم الضبط
رقم الضبط 15096720
003 - محدد رقم الضبط
رقم الضبط OSt
005 - وقت وتاريخ اخر تعامل مع التسجيلة
رقم الضبط 20150408114102.0
008 - عناصر البيانات ثابتة الطول - معلومات عامة
حقل البيانات ثابتة الطول 071129s2008 enka b 001 0 eng
010 ## - رقم ضبط مكتبة الكونجرس
رقم ضبط مكتبة الكونجرس 2007048856
020 ## - الرقم الدولى المعيارى للكتب
الرقم الدولى المعيارى للكتاب 9780415428590
020 ## - الرقم الدولى المعيارى للكتب
الرقم الدولى المعيارى للكتاب 0415428599
020 ## - الرقم الدولى المعيارى للكتب
الرقم الدولى المعيارى للكتاب 9780415428620 (pbk.)
020 ## - الرقم الدولى المعيارى للكتب
الرقم الدولى المعيارى للكتاب 0415428629 (pbk.)
020 ## - الرقم الدولى المعيارى للكتب
الرقم الدولى المعيارى للكتاب 9780203895634 (ebk.)
020 ## - الرقم الدولى المعيارى للكتب
الرقم الدولى المعيارى للكتاب 0203895630 (ebk.)
035 ## - رقم ضبط النظام
رقم ضبط النظام (OCoLC)182662724
رقم الضبط الملغى والمتاح (OCoLC)166360200
035 ## - رقم ضبط النظام
رقم ضبط النظام (OCoLC)ocn182662724
040 ## - مصدر الفهرسة
وكالة الفهرسة الأصلية DLC
وكالة النسخ DLC
وكالة التعديل BAKER
-- BTCTA
-- YDXCP
-- OCLCG
-- BWKUK
-- BWK
-- OCLNG
-- CDX
-- BWX
-- DLC
050 00 - رقم طلب مكتبة الكونجرس
رقم التصنيف HG4521
رقم المادة .R3655 2008
082 00 - رقم تصنيف ديوى العشرى
رقم التصنيف 332.6
رقم الطبعة 22
100 1# - المدخل الرئيسى - إسم شخصى
الإسم الشخصى Redhead, Keith,
التواريخ المصاحبة للاسم 1949-
9 (RLIN) 17700
245 10 - بيان العنوان
العنوان Personal finance and investments :
بقية العنوان a behavioural finance perspective /
بيان المسئوليه,etc Keith Redhead.
260 ## - PUBLICATION, DISTRIBUTION, ETC. (IMPRINT)
مكان الناشر او الموزع London ;
-- New York :
اسم الناشر او الموزع Routledge,
تاريخ النشر أو التوزيع 2008.
300 ## - الوصف المادى
التعداد xxvi, 909 p. :
تفاصيل ماديه اخرى للوعاء ill. ;
أبعاد الوعاء 26 cm.
504 ## - تبصرة ببليوجرافية
تبصرة ببليوجرافية,الخ Includes bibliographical references (p. 856-889) and index.
650 #0 - المدخل الاضافى بالموضوع-مصطلح موضوعى
مصطلح موضوعي أو اسم جغرافي كعنصر مدخل Investments.
650 #0 - المدخل الاضافى بالموضوع-مصطلح موضوعى
مصطلح موضوعي أو اسم جغرافي كعنصر مدخل Finance, Personal.
9 (RLIN) 17701
650 #0 - المدخل الاضافى بالموضوع-مصطلح موضوعى
مصطلح موضوعي أو اسم جغرافي كعنصر مدخل Investment analysis.
9 (RLIN) 17702
650 #0 - المدخل الاضافى بالموضوع-مصطلح موضوعى
مصطلح موضوعي أو اسم جغرافي كعنصر مدخل Portfolio management.
9 (RLIN) 12017
856 41 - الوصول و الموقع الالكترونى
مواد محددة Table of contents only
معرف المصدر الموحد <a href="http://www.loc.gov/catdir/toc/fy0904/2007048856.html">http://www.loc.gov/catdir/toc/fy0904/2007048856.html</a>
856 42 - الوصول و الموقع الالكترونى
مواد محددة Publisher description
معرف المصدر الموحد <a href="http://www.loc.gov/catdir/enhancements/fy0908/2007048856-d.html">http://www.loc.gov/catdir/enhancements/fy0908/2007048856-d.html</a>
856 42 - الوصول و الموقع الالكترونى
مواد محددة Contributor biographical information
معرف المصدر الموحد <a href="http://www.loc.gov/catdir/enhancements/fy1102/2007048856-b.html">http://www.loc.gov/catdir/enhancements/fy1102/2007048856-b.html</a>
942 ## - عناصر المدخل الإضافي( كوها)
مصدر التصنيف او مخطط الترفيف Dewey Decimal Classification
Koha [default] item type كتاب
المقتنيات
حالة الفقد نموذج السعر الفعال حالة تلف ليس للاعارة رقم الطلب تاريخ الاكتساب الموقع الحالي الباركود الفرع الرئيسي Date last seen نوع المادة فى نظام كوها مصدر التصنيف او خطة الترفيف Total Checkouts
  2013-03-10     332.6 R K P 2012-11-29 المكتبة المركزية بالمجمعة (CL) 07000000010274 المكتبة المركزية بالمجمعة (CL) 2013-03-10 كتاب Dewey Decimal Classification  
  2013-03-10     332.6 R K P 2012-11-29 المكتبة المركزية بالمجمعة (CL) 07000000010275 المكتبة المركزية بالمجمعة (CL) 2013-03-10 كتاب Dewey Decimal Classification